<?xml version="1.0" encoding="UTF-8"?>
<record
    xmlns:xsi="http://www.w3.org/2001/XMLSchema-instance"
    xsi:schemaLocation="http://www.loc.gov/MARC21/slim http://www.loc.gov/standards/marcxml/schema/MARC21slim.xsd"
    xmlns="http://www.loc.gov/MARC21/slim">

  <leader>02376nam a22002297a 4500</leader>
  <controlfield tag="003">OSt</controlfield>
  <controlfield tag="005">20180926113922.0</controlfield>
  <controlfield tag="008">180309b        xxu||||| |||| 00| 0 spa d</controlfield>
  <datafield tag="020" ind1=" " ind2=" ">
    <subfield code="a">950200664X</subfield>
  </datafield>
  <datafield tag="040" ind1=" " ind2=" ">
    <subfield code="c">PJ</subfield>
  </datafield>
  <datafield tag="100" ind1=" " ind2=" ">
    <subfield code="9">83</subfield>
    <subfield code="a">Aftali&#xF3;n, Enrique R.</subfield>
  </datafield>
  <datafield tag="245" ind1="1" ind2="0">
    <subfield code="a">Introducci&#xF3;n al derecho /</subfield>
    <subfield code="c">Enrique R. Aftali&#xF3;n, Jos&#xE9; Vilanova; nueva versi&#xF3;n con la colaboraci&#xF3;n de Julio Raffo. </subfield>
    <subfield code="b"> </subfield>
  </datafield>
  <datafield tag="250" ind1=" " ind2=" ">
    <subfield code="a">2a. ed.</subfield>
  </datafield>
  <datafield tag="260" ind1=" " ind2=" ">
    <subfield code="a">Buenos Aires :</subfield>
    <subfield code="b">Abeledo Perrot, </subfield>
    <subfield code="c">1994.</subfield>
  </datafield>
  <datafield tag="300" ind1=" " ind2=" ">
    <subfield code="a">1177 p.</subfield>
  </datafield>
  <datafield tag="500" ind1=" " ind2=" ">
    <subfield code="a">Citas y notas bibliogr&#xE1;ficas a pie de p&#xE1;gina.</subfield>
  </datafield>
  <datafield tag="500" ind1=" " ind2=" ">
    <subfield code="a">Contenido: Conocimiento y conocimiento cient&#xED;fico, historia de las ideas jur&#xED;dicas, teor&#xED;a general del derecho, teor&#xED;a general aplicada.</subfield>
  </datafield>
  <datafield tag="505" ind1=" " ind2=" ">
    <subfield code="a">Contenidos.
Conocimiento y conocimiento cient&#xED;fico -- Enfoque existencial: el conocimiento en la vida cotidiana -- Enfoque biol&#xF3;gico: El conocimiento innato y la adquisici&#xF3;n primaria del conocimiento -- Cultura, lenguaje y conocimiento -- Comienzo de la tradici&#xF3;n cient&#xED;fico- filos&#xF3;fica en nuestra cultura -- Lenguaje y lenguaje cient&#xED;fico -- El m&#xE9;todo en las ciencias naturales y formales -- El m&#xE9;todo en las ciencias sociales -- Disciplinas que estudian el fen&#xF3;meno jur&#xED;dico -- Historia de las ideas jur&#xED;dicas -- El pensamiento jur&#xED;dico desde la antig&#xFC;edad hasta la constituci&#xF3;n de la ciencia jur&#xED;dica -- Constituci&#xF3;n de la ciencia jur&#xED;dica -- Escuelas iuspositivistas que han desarrollado una teor&#xED;a general del derecho --Teor&#xED;a general -- El derecho como conducta ( ontolog&#xED;a jur&#xED;dica ) -- Las normas jur&#xED;dicas -- El ordenamiento jur&#xED;dico -- Derecho subjetivo -- La positividad y las fuentes -- Las fuentes del derecho -- Las fuentes del derecho en particular. La ley -- Las fuentes en particular, la costumbre, la jurisprudencia y la doctrina -- La justicia -- El m&#xE9;todo jur&#xED;dico y la interpretaci&#xF3;n -- Teor&#xED;a general aplicada al derecho argentino -- Aplicaci&#xF3;n de la Ley en relaci&#xF3;n al territorio  y al tiempo -- Derecho publico y privado. Las ramas del derecho . El derecho internacional publico -- Derecho pol&#xED;tico. Derecho constitucional. Derecho administrativo. Derecho financiero -- Derecho penal -- Derecho procesal -- Derecho civil y comercial -- Derecho del trabajo (social).</subfield>
  </datafield>
  <datafield tag="650" ind1=" " ind2=" ">
    <subfield code="a">DERECHO EN GENERAL </subfield>
    <subfield code="9">209</subfield>
  </datafield>
  <datafield tag="650" ind1=" " ind2="0">
    <subfield code="a">TEORIA GENERAL DEL DERECHO</subfield>
    <subfield code="9">214</subfield>
  </datafield>
  <datafield tag="942" ind1=" " ind2=" ">
    <subfield code="2">udc</subfield>
    <subfield code="c">LIB</subfield>
    <subfield code="h">340.11</subfield>
    <subfield code="i">AFT</subfield>
  </datafield>
  <datafield tag="999" ind1=" " ind2=" ">
    <subfield code="c">193</subfield>
    <subfield code="d">193</subfield>
  </datafield>
  <datafield tag="952" ind1=" " ind2=" ">
    <subfield code="0">0</subfield>
    <subfield code="1">0</subfield>
    <subfield code="2">udc</subfield>
    <subfield code="4">0</subfield>
    <subfield code="7">0</subfield>
    <subfield code="a">DJS</subfield>
    <subfield code="b">DJS</subfield>
    <subfield code="d">2018-03-28</subfield>
    <subfield code="l">2</subfield>
    <subfield code="o">340.11 AFT</subfield>
    <subfield code="p">3475</subfield>
    <subfield code="r">2024-02-29</subfield>
    <subfield code="s">2023-11-28</subfield>
    <subfield code="w">2018-03-28</subfield>
    <subfield code="y">LIB</subfield>
  </datafield>
</record>
